The Horse and the Infant | EPIC: The Troy Saga - Statistics

General Stats
  • This quiz has been taken 37 times
    36 since last reset
  • The average score is 55 of 63
Answer Stats
Lyrics % Correct
Alright my {brothers}, listen closely
100%
Neo, avenge your father, kill the {brothers} of Hector
100%
And {little} Ajax will stay back
96%
But now we'll be the ones who {slay}
96%
Can only be {dealt} with right here and now
96%
Do what I say and you'll {see} them again
96%
{Know} that he will grow from a boy to an avenger
96%
Nestor, secure {Helen} and protect her
96%
{Think} of your wives and your children
96%
To {kill} someone's son
96%
Tonight, we make the {Trojans} pay
96%
{Who} was that?
96%
(Yes {sir}!)
96%
({Yes} sir!)
96%
Your families {wonder} where you've been
96%
I don't think you're {ready}
93%
I don't think {you're} ready
93%
I fight for {us}
93%
I {fight} for us
93%
I know that I'm {ready}
93%
It's just a {boy}
93%
It's just an {infant}
93%
Penelope, Penelope and {Telemachus}
93%
They're {growing} old and yet you're still here
93%
This is the son of none other than Troy's very own {Prince} Hector
93%
(What do you wish for?) I'm on my {way}
93%
(What do you wish for? What do you {fight} for?)
93%
A {mission}
89%
A {vision}
89%
I could {raise} him as my own (he will burn your house and throne)
89%
Tell me {how}
89%
Ten years of war, they've {killed} us slowly
89%
(What do you {live} for?) Penelope
89%
(What do you {live} for? What do you try for?)
89%
You can say {goodbye} to (Penelope)
89%
You can say goodbye to ({Penelope})
89%
If you don't {end} him now, you'll have no one left to save
86%
Please don't {make} me do this, don't make me do this
86%
Say no {more}
86%
The blood on your {hands} is something you won't lose
86%
What do you {wish} for? What do you fight for?
86%
Agamemnon will {flank} the guards
82%
{Diomedes} will lead the charge
82%
Down on my knees for {ya} (down on your knees)
82%
Find that {inner} strength now
82%
I'm {begging} please (oh, this is the will of the gods)
82%
Make sure his past is never {known} (the gods will make him know)
82%
Of what is to come, cannot be {outrun}
82%
One fueled with rage as you're {consumed} by age
82%
(What do you fight for?) {attack}!
82%
What do you live for? What do you {try} for?
82%
(What do you {try} for?) Telemachus
82%
A {foe} who won't run
79%
All you can choose is {whose}
79%
Unlike anyone you have {faced} before
79%
Use that {well} of pride
79%
Ask yourself {inside}
75%
What sort of {imminent} threat does he pose, that I cannot avoid?
75%
I'd rather {bleed} for ya (he's bringing you)
71%
Or send him far away from home (he'll find you {wherever} you go)
68%
Menelaus will let our {mates} through the gates to take the whole city at large
64%
Teucer will shoot any {ambush} attack
64%
Fight through every {pain} now
61%
No matching quizzes found
Score Distribution
Percent of People with Each Score
Percentile by Number Answered
Your Score History
You have not taken this quiz since the last reset